សុវុឌ្ឍិកម្មព្រៃគុបឆ្នាំ ១៩៨៧ អនុតំបន់២៥ នៅស្រុកស្នួល ខេត្តក្រចេះ (Record no. 2940)

000 -LEADER
fixed length control field 00565nam a22001577a 4500
003 - CONTROL NUMBER IDENTIFIER
control field OSt
005 - DATE AND TIME OF LATEST TRANSACTION
control field 20151101152053.0
008 - FIXED-LENGTH DATA ELEMENTS--GENERAL INFORMATION
fixed length control field 151101b xxu||||| |||| 00| 0 eng d
040 ## - CATALOGING SOURCE
Transcribing agency RUA
082 ## - DEWEY DECIMAL CLASSIFICATION NUMBER
Classification number FOR ហុង 1991 B116 Or.1
100 ## - MAIN ENTRY--PERSONAL NAME
9 (RLIN) 3152
Personal name ហុង ណារិត
245 ## - TITLE STATEMENT
Title សុវុឌ្ឍិកម្មព្រៃគុបឆ្នាំ ១៩៨៧ អនុតំបន់២៥ នៅស្រុកស្នួល ខេត្តក្រចេះ
260 ## - PUBLICATION, DISTRIBUTION, ETC. (IMPRINT)
Place of publication, distribution, etc. Phnom Penh
Name of publisher, distributor, etc. RUA
Date of publication, distribution, etc. 1991
300 ## - PHYSICAL DESCRIPTION
Extent 80p.
Other physical details ill.
Dimensions 29cm.
942 ## - ADDED ENTRY ELEMENTS (KOHA)
Source of classification or shelving scheme
Koha item type FOR
Holdings
Price effective from Date last seen Permanent Location Not for loan Date acquired Source of classification or shelving scheme Koha item type Barcode Lost status Damaged status Shelving location Withdrawn status Current Location Full call number
2015-11-012015-11-01Library Block B 2015-11-01 FORRUA026148  B116 Library Block BFOR ហុង 1991 B116 Or.1
2015-11-012015-11-01Library Block B 2015-11-01 FORRUA026014  B116 Library Block BFOR ហុង 1991 B116 Or.2
2015-11-032015-11-03Library Block B 2015-11-03 FORRUA026718  B117 Library Block BFOR ហុង 1991 B116 Or.3
2015-11-032015-11-03Library Block B 2015-11-03 FORRUA027800  B117 Library Block BFOR ហុង 1991 B116 Or.4
មជ្ឈមណ្ឌលឯការនៃសាកលវិទ្យាល័យភូមិន្ទកសិកម្មចំការដូង

Powered by Koha